Kelepu Perade Kelepu: ಕೆಲೆಪು ಪೆರಡೆ ಕೆಲೆಪು (Record no. 216652)
[ view plain ]
| 000 -LEADER | |
|---|---|
| fixed length control field | 00846nam a22002177a 4500 |
| 005 - DATE AND TIME OF LATEST TRANSACTION | |
| control field | 20230503153841.0 |
| 008 - FIXED-LENGTH DATA ELEMENTS--GENERAL INFORMATION | |
| fixed length control field | 211022b ||||| |||| 00| 0 eng d |
| 040 ## - CATALOGING SOURCE | |
| Transcribing agency | AL |
| 041 ## - LANGUAGE CODE | |
| Language code of text/sound track or separate title | kan |
| 082 ## - DEWEY DECIMAL CLASSIFICATION NUMBER | |
| Edition number | 23 |
| Classification number | T894.1 |
| Item number | CHIK |
| 100 ## - MAIN ENTRY--PERSONAL NAME | |
| Personal name | K Chinnappa Gowda: ಕೆ ಚಿನ್ನಪ್ಪ ಗೌಡ |
| 9 (RLIN) | 1576 |
| 245 ## - TITLE STATEMENT | |
| Title | Kelepu Perade Kelepu: ಕೆಲೆಪು ಪೆರಡೆ ಕೆಲೆಪು |
| 260 ## - PUBLICATION, DISTRIBUTION, ETC. | |
| Place of publication, distribution, etc. | Asaigoli |
| Name of publisher, distributor, etc. | Madipu Prakashana |
| Date of publication, distribution, etc. | 2020 |
| 300 ## - PHYSICAL DESCRIPTION | |
| Extent | 96 p. |
| Other physical details | PB |
| Dimensions | 18x12 cm |
| 365 ## - TRADE PRICE | |
| Price type code | 0104 |
| Price amount | 76.50 |
| Currency code | ₹ |
| Unit of pricing | 90.00 |
| Price note | 15% |
| Price effective from | 11-10-2021 |
| 650 ## - SUBJECT ADDED ENTRY--TOPICAL TERM | |
| Topical term or geographic name entry element | Tulu Poetry: ತುಳು ಕವನ |
| 9 (RLIN) | 1577 |
| 650 ## - SUBJECT ADDED ENTRY--TOPICAL TERM | |
| Topical term or geographic name entry element | Tulu Literature: ತುಳು ಸಾಹಿತ್ಯ |
| 9 (RLIN) | 1578 |
| 650 ## - SUBJECT ADDED ENTRY--TOPICAL TERM | |
| Topical term or geographic name entry element | Kavana Sankalana: ಕವನ ಸಂಕಲನ |
| 9 (RLIN) | 1579 |
| 700 ## - ADDED ENTRY--PERSONAL NAME | |
| Personal name | GOWDA (K Chinnappa); ಗೌಡ (ಕೆ ಚಿನ್ನಪ್ಪ) |
| 9 (RLIN) | 1580 |
| 942 ## - ADDED ENTRY ELEMENTS (KOHA) | |
| Source of classification or shelving scheme | Dewey Decimal Classification |
| Koha item type | Book |
| Withdrawn status | Lost status | Damaged status | Not for loan | Collection code | Home library | Current library | Date acquired | Source of acquisition | Cost, normal purchase price | Total Checkouts | Full call number | Barcode | Date last seen | Cost, replacement price | Price effective from | Koha item type | Source of classification or shelving scheme |
|---|---|---|---|---|---|---|---|---|---|---|---|---|---|---|---|---|---|
| Tulu | St Aloysius Library | St Aloysius Library | 02/08/2021 | Akrati Ashaya Publications, Mangaluru-575001 | General Annual | 90.00 | T894.1 GOWK | 074549 | 07/19/2021 | 76.50 | 07/19/2021 | Book | ||||||
| Kannada | St Aloysius Library | St Aloysius Library | 10/21/2021 | Dr K Chinnappa Gowda, Asaigoli, Mangaluru-574199 | 76.50 | T894.1 CHIK | 075050 | 10/22/2021 | 90.00 | 10/22/2021 | Book | Dewey Decimal Classification | |||||
| Kannada | St Aloysius Library | St Aloysius Library | 10/21/2021 | Dr K Chinnappa Gowda, Asaigoli, Mangaluru-574199 | 76.50 | T894.1 CHIK | 075051 | 10/22/2021 | 90.00 | 10/22/2021 | Book | Dewey Decimal Classification |